000 00659nam a2200241 i 4500
001 C2-0097550
003 PPAK
005 20180727094118.0
008 970515s1954 enk |||| ||||| | eng d
040 _aPPAK
_beng
_cPPAK
_erda
082 0 4 _a925
_223
090 0 0 _a925
_bNOT
_dKIH
100 1 _aDa Vinci, Leonardo,
_eauthor
245 1 4 _aThe notebooks of Leonards Da Vinci
264 1 _aLondon :
_bReprint Society ,
_c1954
300 _a566 pages ;
_c22 cm
336 _2rdacontent
_atext
337 _2rdamedia
_aunmediated
338 _2rdacarrier
_avolume
650 1 0 _aDa Vinci, Leonardo
700 1 _aMac Curdy, Edward,
_ecompile
942 _ddc
_cB
999 _c21410
_d21410